00797nam a2200157 a 450000100100000000500170001000800410002704000250006824501130009326000690020630000200027595201110029595201050040695201110051199900170062200003981620201002033742.0130723s1994 ag 000 0 spa d aDO-SdBNPdspacBNPHU00aContribución de la filosofía a la médicina :bcomo superar los problemas psico-somaticos por si mismo. aLa Plata, Argentina :bAcademia Filosófica de la Plata,c1994. a69 p. ;c20 cm. 001050718MOaGRbGRcCTd2013-07-23iLF1l0o p39816-10r2020-06-25te. 2w2020-06-25y1ZNo se presta 001050718MOaGRbGRcCTd2013-07-23iLF1l0o p39816-20r2020-06-25w2020-06-25y1ZNo se presta 001050718MOaGRbGRcCTd2013-07-23iLF1l0o p39816-30r2020-06-25te. 3w2020-06-25y1ZNo se presta c39306d39306